[Event "TCh-ROU 2013"]
[Site "Mamaia ROU"]
[Date "2013.09.03"]
[Round "4.2"]
[White "Berkes,F"]
[Black "Balog,I1"]
[Result "1/2-1/2"]
[WhiteElo "2678"]
[BlackElo "2534"]

1.d4 d5 2.c4 c6 3.Nf3 Nf6 4.Nc3 a6 5.c5 g6 6.Bf4 Bg7 7.h3 O-O 8.e3 Bf5 9.Qb3 Ra7
10.Be2 Ne4 11.O-O Nd7 12.Rad1 Qa5 13.Qa4 Qxa4 14.Nxa4 f6 15.Bh2 Raa8 16.g4 Be6
17.Rd3 f5 18.g5 f4 19.exf4 Bxh3 20.Re1 Bf5 21.Kg2 h6 22.Rb3 hxg5 23.fxg5 e5
24.Nxe5 Nxe5 25.Bxe5 Bxe5 26.dxe5 Nxg5 27.Rg3 Ne6 28.Bg4 Kg7 29.Ree3 Nf4+
30.Kf1 Rae8 31.Nb6 Rf7 32.b4 Bxg4 33.Rxg4 Ne6 34.Ke1 Ref8 35.Rg2 Nd4 36.Kd1 Nf5
37.Re1 Ne7 38.Re2 Rf4 39.a3 Rf3 40.Nd7 R8f5 41.Nf6 Rxa3 42.Ne8+ Kf8 43.Nd6 Rh5
44.Rg3 Ra1+ 45.Kd2 Ra2+ 46.Kd3 Ra3+ 47.Kd2 Ra2+ 48.Kd3 Rxe2 49.Kxe2 Rxe5+
50.Kd3 Kg7 51.Rg4 Kf6 52.Nxb7 Rf5 53.Ke2 Ke5 54.Nd6 Rf4 55.Rg3 Ke6 56.Re3+ Kd7
57.Rb3 Rh4 58.f3 Rh2+ 59.Ke3 Rh4 60.Rb1 Ke6 61.Kd3 Rf4 62.Re1+ Kd7 63.Ra1 Rxb4
64.Rxa6 Rb3+ 65.Kd4 Rxf3 66.Ke5 Re3+ 67.Kf6 Ng8+ 68.Kf7 Nh6+ 69.Kxg6 Rh3
70.Ra7+ Ke6 71.Rh7 d4 72.Ne4 Kd5 73.Ng5 Rh1  1/2-1/2

[Event "12th Kesarovski Mem"]
[Site "Sunny Beach BUL"]
[Date "2013.09.06"]
[Round "7.3"]
[White "Dimitrov,R"]
[Black "Georgiev,Vl"]
[Result "0-1"]
[WhiteElo "2437"]
[BlackElo "2546"]

1.d4 Nf6 2.c4 c6 3.Nc3 d5 4.Nf3 a6 5.Qb3 e6 6.Bg5 Be7 7.e3 O-O 8.Bd3 Nbd7
9.a4 b6 10.O-O Bb7 11.c5 a5 12.cxb6 Qxb6 13.Qxb6 Nxb6 14.Rfc1 Rfc8 15.e4 h6
16.Bf4 c5 17.dxc5 Bxc5 18.e5 Ne4 19.Bxe4 dxe4 20.Nd2 Nd5 21.Nxd5 Bxd5 22.b3 Bd4
23.Rab1 g5 24.Be3 Bxe5 25.Nc4 Bf4 26.h4 Bxe3 27.fxe3 gxh4 28.Kf2 Ra7 29.Nb6 Rxc1
30.Rxc1 Bxb3 31.Rc3 Ba2 32.Rc5 Kg7 33.Ke1 Bb1 34.Kd2 Bd3 35.Kc3 Bf1 36.Rh5 Rb7
37.Na8 f5 38.Kd4 Kf6 39.Rxh4 Rd7+ 40.Kc5 Kg5 41.Rh1 Be2 42.Kc6 Rd1 43.Rh2 Bc4
44.Nb6 Bf1 45.Nd7 Rd2 46.Nc5 e5 47.Kb6 Rxg2 48.Rh1 Rb2+ 49.Kxa5 Bg2 50.Rh2 h5
51.Nd7 h4 52.Nxe5 h3 53.Nc4 Rb3  0-1

[Event "TCh-ROU w 2013"]
[Site "Mamaia ROU"]
[Date "2013.09.08"]
[Round "9.3"]
[White "L'Ami,Alina"]
[Black "Dragomirescu,An"]
[Result "1/2-1/2"]
[WhiteElo "2358"]
[BlackElo "2242"]

1.d4 d5 2.c4 c6 3.Nf3 Nf6 4.Nc3 a6 5.Bg5 Ne4 6.h4 Nxc3 7.bxc3 dxc4 8.g3 b5
9.Bg2 Bb7 10.Qc2 Nd7 11.Rd1 h6 12.Bf4 e6 13.e4 Be7 14.g4 Qb6 15.a4 Qa5 16.O-O O-O-O
17.Ra1 Qb6 18.Rfb1 f6 19.Nd2 e5 20.Be3 Qc7 21.Nf3 Qb6 22.Bf4  1/2-1/2

[Event "Alushta Autumn 1 2013"]
[Site "Alushta UKR"]
[Date "2013.09.09"]
[Round "9"]
[White "Belikov,V"]
[Black "Iljin,T"]
[Result "1-0"]
[WhiteElo "2473"]
[BlackElo "2385"]

1.d4 d5 2.Nf3 Nf6 3.c4 c6 4.Nc3 a6 5.c5 Bf5 6.Qb3 Ra7 7.Bf4 Nbd7 8.h3 h6
9.e3 g5 10.Bh2 Bg7 11.Be2 O-O 12.Ne5 Nxe5 13.Bxe5 Nd7 14.Bxg7 Kxg7 15.Bg4 Bh7
16.f4 e6 17.O-O-O b6 18.cxb6 Nxb6 19.Rhf1 Qc7 20.f5 Rb8 21.Qa3 c5 22.dxc5 Nd7
23.e4 Rab7 24.fxe6 fxe6 25.c6 Qxc6 26.exd5 exd5 27.Qe7+ Kh8 28.Rf7 Bg6 29.Rdf1 Rxb2
30.Rf8+ Nxf8 31.Rxf8+ Rxf8 32.Qxf8+ Kh7 33.Qe7+ Kh8 34.Qd8+ Kh7 35.Kxb2  1-0

[Event "FSGM Sept 2013"]
[Site "Budapest HUN"]
[Date "2013.09.09"]
[Round "2.3"]
[White "Varga,Zo"]
[Black "Kislik,E"]
[Result "1/2-1/2"]
[WhiteElo "2444"]
[BlackElo "2368"]

1.d4 d5 2.c4 c6 3.Nf3 Nf6 4.Nc3 a6 5.e3 b5 6.b3 Bg4 7.h3 Bxf3 8.Qxf3 e5 9.dxe5 Bb4
10.Bd2 Bxc3 11.Bxc3 Ne4 12.Bb4 bxc4 13.Qg4 c5 14.f3 cxb4 15.fxe4 O-O 16.exd5 cxb3
17.Qd4  1/2-1/2

[Event "Mohamed Slama Mem 2013"]
[Site "Monastir TUN"]
[Date "2013.09.10"]
[Round "3.4"]
[White "Kaabi,M"]
[Black "Zaibi,A"]
[Result "1-0"]
[WhiteElo "2330"]
[BlackElo "2227"]

1.d4 d5 2.Nf3 c6 3.c4 Nf6 4.Nc3 a6 5.a4 g6 6.Bg5 Ne4 7.Bh4 Qa5 8.e3 Nxc3
9.Qd2 b5 10.cxb5 axb5 11.bxc3 Bg7 12.Bd3 bxa4 13.O-O Bf6 14.Bg3 Nd7 15.Rfb1 Ba6
16.Rb4 Bxd3 17.Qxd3 O-O 18.h4 a3 19.Rb3 Rfc8 20.Rbxa3 Qxa3 21.Rxa3 Rxa3 22.Qb1 Ra7
23.h5 Kg7 24.e4 dxe4 25.Qxe4 Ra5 26.Ne5 Bxe5 27.dxe5 Nf8 28.Bh4 Rc7 29.h6+ Kg8
30.f4 Rc5 31.Qb4 Rb5 32.Qa3 c5 33.Qa8 Rbb7 34.Qe8 Rd7 35.Kh2 Ra7 36.Kh3 Rd3+
37.g3 Rdd7 38.Bg5 Rab7 39.Kh4 Ra7 40.g4 Rdb7 41.f5 gxf5 42.gxf5 Rd7 43.e6 Ra4+
44.Kh5  1-0

[Event "XV Villa Martelli ITT"]
[Site "Villa Martelli ARG"]
[Date "2013.09.15"]
[Round "1.3"]
[White "Mayorga,N"]
[Black "Leon,Ju"]
[Result "1/2-1/2"]
[WhiteElo "2313"]
[BlackElo "2279"]

1.d4 d5 2.c4 c6 3.Nf3 Nf6 4.Nc3 a6 5.c5 Bf5 6.Nh4 Be6 7.Qb3 Qc8 8.Bf4 Nbd7
9.Qc2 g6 10.e3 Bg7 11.Bd3 O-O 12.h3 Nh5 13.Bh2 f5 14.Nf3 Nhf6 15.Ng5 Bf7
16.O-O Ne8 17.Na4 Qd8 18.f4 Nef6 19.Kh1 Kh8 20.Rg1 Bg8 21.g4 e6 22.b4 Ne4
23.Nxe4 dxe4 24.Be2 fxg4 25.hxg4 Qh4 26.g5 e5 27.Rg4 Qh3 28.Rg3 Qh4 29.Rg4 Qh3
30.Rg3 Qh4 31.Rg4 Qh3  1/2-1/2

[Event "Alushta Autumn 4 2013"]
[Site "Alushta UKR"]
[Date "2013.09.17"]
[Round "12"]
[White "Golovin,Leo"]
[Black "Shtyrenkov,V"]
[Result "1/2-1/2"]
[WhiteElo "2455"]
[BlackElo "2341"]

1.d4 d5 2.c4 c6 3.Nc3 Nf6 4.Nf3 a6 5.e3 b5 6.cxd5 cxd5 7.Be2 Bg4 8.O-O e6
9.Ne5 Bxe2 10.Qxe2 Nbd7 11.Nd3 Bd6 12.Bd2 O-O 13.Rac1  1/2-1/2

[Event "TCh-CRO Ia Liga 2013"]
[Site "Bol CRO"]
[Date "2013.09.18"]
[Round "5.5"]
[White "Sulava,N"]
[Black "Paljusaj,E"]
[Result "1/2-1/2"]
[WhiteElo "2481"]
[BlackElo "2316"]

1.d4 Nf6 2.Nf3 d5 3.c4 c6 4.Nc3 a6 5.Bd2 g6 6.Qb3 Bg7 7.g3 O-O 8.Bg2 dxc4
9.Qxc4 Bf5 10.Qb3 Ra7 11.O-O Ne4 12.Be3 b5 13.Nh4 Nxc3 14.bxc3 Bd7 15.a4 Rc7
16.Nf3 Be6 17.Qb2 Bd5 18.Rfe1 Nd7 19.Bf4 e5 20.dxe5 Rc8 21.axb5 axb5 22.Ra7 Nc5
23.Rd1 Qb6 24.Qa3 Ne6 25.Be3 Qb8 26.Qa6 Nc7 27.Qb6 Qxb6 28.Bxb6 Ne6 29.Nd4 Bxe5
30.Bxd5 Bxd4 31.Bxe6 Bxb6 32.Bxc8 Bxa7 33.Bb7 Re8 34.e3 Re6 35.Ra1 Bc5 36.Ra8+ Bf8
37.Rc8 c5 38.Bd5 Re5 39.e4 b4 40.c4 Kg7 41.f4 Re7 42.e5 h5 43.Ra8 Rd7 44.Kf2 Be7
45.Ke3 Rd8 46.Ra7 Kf8 47.Kd3 Rb8 48.Kc2 Rb6 49.Kb3 Ke8 50.Ra8+ Bd8 51.Rc8 Ra6
52.Rxc5 Ra3+ 53.Kb2 h4 54.gxh4 Rh3 55.Rc8 Rxh2+ 56.Kb3 Rxh4 57.c5 Kd7 58.Ra8 Rxf4
59.c6+ Kc7 60.Ra7+ Kb6 61.Rb7+ Kc5 62.Rxf7 Rxf7 63.Bxf7  1/2-1/2

[Event "TCh-BEL 2013-14"]
[Site "Belgium BEL"]
[Date "2013.09.22"]
[Round "1.5"]
[White "Van der Stricht,G"]
[Black "Swijsen,L"]
[Result "1-0"]
[WhiteElo "2371"]
[BlackElo "2197"]

1.d4 d5 2.c4 c6 3.Nf3 Nf6 4.Nc3 a6 5.e3 b5 6.c5 Nbd7 7.b4 a5 8.bxa5 Qxa5
9.Bd2 b4 10.Nb1 Ne4 11.a3 Nxd2 12.Nfxd2 e5 13.Nb3 Qa4 14.Bd3 e4 15.O-O exd3
16.axb4 Qxa1 17.Nxa1 Rxa1 18.b5 Be7 19.Qxd3 O-O 20.e4 Nf6 21.e5 Ne8 22.Nc3 Ra3
23.Qc2 Bb7 24.b6 g6 25.Qb2 Ra8 26.Ra1 Ng7 27.Ra7 Rab8 28.g3 Ne6 29.Ne2 f6
30.exf6 Bxf6 31.Qc3 Bg7 32.h4 Rfe8 33.Qd2 Re7 34.Kg2 Kh8 35.Ra4 Rf8 36.Ng1 Ref7
37.f4 Bh6 38.Nh3 Re8 39.Ng5 Nxg5 40.hxg5 Bg7 41.Ra7 Rfe7 42.Kf3 Kg8 43.Qd3 Rf7
44.Qd1 Rfe7 45.Kf2 Kh8 46.Qd3 Rf7 47.Kg2 Rfe7 48.Kf1 Re1+ 49.Kf2 R1e7 50.Kf3 Rf7
51.Kg4 Kg8 52.Kh4 Rfe7 53.Qd1 Re1 54.Qf3 R8e3 55.Qg2 Re7 56.Qh3 h5 57.Rxb7 Rxb7
58.Qc8+ Kh7 59.Kh3 Rbe7 60.f5 R7e2 61.fxg6+ Kxg6 62.Qxc6+ Kh7 63.Qxd5 Bxd4
64.Qd7+ Bg7 65.Qf5+ Kh8 66.Qf3 h4 67.b7 Rb2 68.c6 Be5 69.Qf8+ Kh7 70.Qf7+ Kh8
71.Qe8+ Kh7 72.Qe7+ Kh8 73.c7 Rh2+ 74.Kxh2 Bxg3+ 75.Kh3 Rxe7 76.c8=Q+ Kg7
77.b8=Q Bxb8 78.Qxb8 Kg6 79.Qf4 Rf7 80.Qg4 Re7 81.Kxh4 Rh7+ 82.Kg3 Rf7 83.Qe6+ Kg7
84.Kg4 Ra7 85.Kh5 Rf7 86.Qh6+ Kg8 87.Qg6+ Kf8 88.Qd6+ Kg8 89.Kg6 Rg7+ 90.Kf6 Rf7+
91.Ke6 Kg7 92.Qe5+ Kg8 93.g6 Rg7 94.Qf6 Ra7 95.Kf5 Ra5+ 96.Kg4 Ra4+ 97.Kh5 Ra7
98.Kh6 Rd7 99.Qe6+ Kf8 100.Qxd7 Kg8 101.Qg7+  1-0

[Event "Caissa IM September 2013"]
[Site "Kecskemet HUN"]
[Date "2013.09.23"]
[Round "3.1"]
[White "Kojima,S"]
[Black "Bird,A"]
[Result "1/2-1/2"]
[WhiteElo "2357"]
[BlackElo "2203"]

1.Nf3 d5 2.d4 Nf6 3.c4 c6 4.Nc3 a6 5.Ne5 Nbd7 6.Bf4 Nh5 7.e3 Nxf4 8.exf4 Nxe5
9.fxe5 e6 10.c5 b6 11.b4 a5 12.Na4 bxc5 13.bxc5 Be7 14.Bd3 O-O 15.O-O Ba6
16.Rb1 Bxd3 17.Qxd3 Ra7 18.Rb6 Qa8 19.Rfb1 Rc8 20.R1b3 g6 21.g3 Kg7 22.h4 h5
23.Qb1 Rac7 24.Qf1 Ra7 25.Kg2 Bd8 26.Qd3 Be7 27.Rb2 Bd8 28.R6b3 Bc7 29.Nb6 Bxb6
30.Rxb6 Kf8 31.a4 Kg7 32.Qf3 Rac7 33.Qf6+ Kh7 34.Kf3 Rf8 35.Kg2 Ra7 36.R2b3 Qe8
37.Kg1 Qd7 38.Rb2 Qc7 39.Kf1 Rc8 40.f3 Qe7 41.Qxe7 Rxe7 42.Ra6 g5 43.hxg5 Kg6
44.Kf2 Kxg5 45.Ke3 f6 46.exf6 Kxf6 47.Rbb6 Rec7 48.Rxa5 e5 49.Raa6 Kf5 50.a5 e4
51.Rb2 Re7 52.Rab6 Rg8 53.Rg2 exf3+ 54.Kxf3 Re4 55.Rb4 Rge8 56.Ra4 Re3+ 57.Kf2 Kg4
58.a6 Re2+ 59.Kg1 Re1+ 60.Kh2 Rf1 61.Rga2 h4 62.gxh4 Ree1 63.Kg2 Rg1+  1/2-1/2

[Event "23rd EYCC Girls U18 2013"]
[Site "Budva MNE"]
[Date "2013.10.02"]
[Round "4.2"]
[White "Baraeva,I"]
[Black "Nevioselaya,M"]
[Result "1/2-1/2"]
[WhiteElo "2153"]
[BlackElo "2065"]

1.d4 d5 2.Nf3 Nf6 3.c4 c6 4.Nc3 a6 5.e3 b5 6.b3 Bg4 7.Be2 e6 8.O-O Bd6 9.Bb2 Nbd7
10.h3 Bh5 11.Ne5 Bxe2 12.Nxe2 Rc8 13.Qd3 O-O 14.Nxd7 Qxd7 15.a4 Ra8 16.f3 bxc4
17.bxc4 Rfb8 18.Ra2 dxc4 19.Qxc4 Nd5 20.Bc1 c5 21.dxc5 Rb4 22.Qc2 Rc8 23.e4 Bxc5+
24.Kh1 Nb6 25.Rd1 Qe7 26.Qd3 h6 27.Ba3 Rxa4 28.Bxc5 Rxc5 29.Rxa4 Nxa4 30.Qxa6 Nc3
31.Nxc3 Rxc3 32.Qa5 Rc2 33.Qd8+ Qxd8 34.Rxd8+ Kh7 35.Kh2 e5 36.h4 Kg6 37.Kh3 h5
38.Rd6+ f6 39.Rd7  1/2-1/2

[Event "Tatry Open 2013"]
[Site "Tatranske Zruby SVK"]
[Date "2013.10.02"]
[Round "5.17"]
[White "Bednar,Jan"]
[Black "Vermirovsky,V"]
[Result "1/2-1/2"]
[WhiteElo "2185"]
[BlackElo "2038"]

1.d4 d5 2.c4 c6 3.Nf3 Nf6 4.Nc3 a6 5.e3 b5 6.cxb5 cxb5 7.Bd3 Bb7 8.O-O e6
9.Ne5 Bd6 10.f4 Nbd7 11.Bd2 O-O 12.Be1 Ne4 13.a4 b4 14.Nxe4 dxe4 15.Bc4 Qe7
16.a5 Nb8 17.Qb3 Nc6 18.Nxc6 Bxc6 19.f5 exf5 20.Rxf5 g6 21.Rf1 Kg7 22.Rc1 Bb5
23.Bxb5 axb5 24.Rc6 Rxa5 25.Rxd6 Qxd6 26.Bxb4 Qd8 27.Bxa5 Qxa5 28.Qd5 f5
29.Qe5+ Kh6 30.Qf4+ Kg7 31.g4 b4 32.gxf5 Qxf5 33.Qxf5 gxf5 34.Rf2 b3  1/2-1/2

[Event "33rd Munich OIS Open 2013"]
[Site "Munich GER"]
[Date "2013.10.03"]
[Round "6.6"]
[White "Boehm,Ju2"]
[Black "Pezerovic,E"]
[Result "0-1"]
[WhiteElo "2158"]
[BlackElo "2439"]

1.d4 d5 2.c4 c6 3.Nf3 Nf6 4.Nc3 a6 5.c5 Bf5 6.Qb3 Qc8 7.h3 Nbd7 8.Bf4 e6
9.e3 Be7 10.Be2 Bd8 11.O-O Bc7 12.Rfe1 h6 13.Bf1 O-O 14.Rac1 Re8 15.Ne5 Nxe5
16.Bxe5 Bxe5 17.dxe5 Nd7 18.Na4 Qc7 19.f4 f6 20.Nb6 Rad8 21.Nxd7 Rxd7 22.exf6 gxf6
23.Bd3 Rg7 24.Kh2 Qf7 25.e4 Qg6 26.g4 dxe4 27.Be2 h5 28.Rg1 hxg4 29.Bxg4 Qh6
30.Bxf5 Qxf4+ 31.Kh1 Qxf5 32.Rxg7+ Kxg7 33.Rg1+ Kf8 34.Rg3 Qf1+ 35.Kh2 Qf2+
36.Rg2 Qf4+ 37.Kg1 Rd8 38.Rf2 Qg5+ 39.Rg2 Qc1+ 40.Kh2 Qf4+ 41.Kh1 Rd3 42.Qxe6 Rd1+  0-1

[Event "23rd EYCC Open U16 2013"]
[Site "Budva MNE"]
[Date "2013.10.07"]
[Round "8.21"]
[White "Brazdzionis,A"]
[Black "Ali Marandi,C"]
[Result "1/2-1/2"]
[WhiteElo "2043"]
[BlackElo "2403"]

1.d4 d5 2.Nf3 Nf6 3.c4 c6 4.Nc3 a6 5.a4 e6 6.g3 dxc4 7.Bg2 Bb4 8.O-O O-O
9.Ne5 Nd5 10.Na2 Be7 11.e4 Nb6 12.a5 f6 13.Nf3 N6d7 14.Nc3 e5 15.Qe2 exd4
16.Qxc4+ Kh8 17.Qxd4 Nc5 18.Be3 Nb3 19.Qxd8 Bxd8 20.Rad1 Bxa5 21.Na4 Be6
22.Nc5 Nxc5 23.Bxc5 Re8 24.b4 Bc7 25.Bd6 Bb6 26.Nd4 Bc4 27.Rfe1 Nd7 28.Nf5 Bb3
29.Rd2 Be6 30.Nd4 Bxd4 31.Rxd4 a5 32.bxa5 Rxa5 33.Bc7 Raa8 34.Red1 Nf8 35.Rb4 Bc8
36.f4 Ra2 37.f5 b5 38.Rbd4 Bb7 39.Bb6 Kg8 40.Bc5 Rc2 41.Bxf8 Kxf8 42.Rd7 Bc8
43.Rc7 b4 44.Ra1 Rd8 45.Raa7 Bd7 46.Rab7 Be8 47.Bf1 Rd1 48.Rxg7 Rcc1 49.Rxh7 Rxf1+
50.Kg2 Kg8 51.Rbg7+ Kf8 52.Rb7 Kg8 53.Rbg7+  1/2-1/2

[Event "TCh-FIN SM 2013-14"]
[Site "Jyvaskyla FIN"]
[Date "2013.10.12"]
[Round "3.3"]
[White "Agopov,M"]
[Black "Pohjala,H"]
[Result "1/2-1/2"]
[WhiteElo "2440"]
[BlackElo "2346"]

1.d4 d5 2.c4 c6 3.Nf3 Nf6 4.Nc3 a6 5.e3 b5 6.b3 Bg4 7.Be2 Nbd7 8.Bb2 e6 9.h3 Bh5
10.O-O Bd6 11.Ne5 Bxe2 12.Nxe2 bxc4 13.bxc4 O-O 14.Nxc6 Qb6 15.c5 Qxc6 16.cxd6 Qxd6
17.Qa4 Nb6 18.Ba3 Qc7 19.Qa5 Rfc8 20.Rfc1 Nc4 21.Qxc7 Rxc7 22.Bd6 Rc6  1/2-1/2

[Event "4th Continental Class 2013"]
[Site "Arlington USA"]
[Date "2013.10.13"]
[Round "7.10"]
[White "Sarkar,J"]
[Black "Chan,Jam"]
[Result "1-0"]
[WhiteElo "2455"]
[BlackElo "2039"]

1.d4 d5 2.c4 c6 3.Nf3 Nf6 4.Nc3 a6 5.c5 Nbd7 6.Bf4 Nh5 7.Bd2 Nhf6 8.Bf4 Nh5
9.Bg5 h6 10.Bd2 Nhf6 11.Bf4 Nh5 12.Be5 Nxe5 13.Nxe5 Nf6 14.e3 g6 15.Bd3 Bg7
16.O-O O-O 17.b4 Bf5 18.Na4 Bxd3 19.Qxd3 Qc7 20.Nb6 Rad8 21.a4 Ne4 22.f3 Bxe5
23.dxe5 Ng5 24.h4 Ne6 25.f4 Ng7 26.Rfd1 e6 27.e4 dxe4 28.Qxe4 Rxd1+ 29.Rxd1 Rd8
30.Rd6 Nf5 31.Qd3 Nxd6 32.exd6 Qb8 33.Qd4 h5 34.Kf2 Qa7 35.a5 Qb8 36.Kf3 Kh7
37.Qf6 Rf8 38.Nd7  1-0

[Event "TCh-BEL 2013-14"]
[Site "Belgium BEL"]
[Date "2013.10.13"]
[Round "3.1"]
[White "Docx,S"]
[Black "Carmeille,L"]
[Result "1-0"]
[WhiteElo "2486"]
[BlackElo "2345"]

1.d4 d5 2.c4 c6 3.Nc3 Nf6 4.Nf3 a6 5.a4 e6 6.g3 dxc4 7.Bg2 c5 8.O-O Nc6 9.dxc5 Bxc5
10.Qxd8+ Kxd8 11.Bg5 Bd7 12.Rfd1 h6 13.Bf4 Ke7 14.a5 Bb4 15.Ne5 Nxe5 16.Bxe5 Bc6
17.Bxc6 bxc6 18.Ra4 Bxc3 19.Bd6+ Ke8 20.bxc3 Ne4 21.Rxc4 Nxd6 22.Rxd6 Ke7
23.Rdxc6 Rhd8 24.Rb6 Rd5 25.e4 Rxa5 26.Rc7+ Kf6 27.Rbb7 Rf8 28.Kg2 Ra1 29.h4 h5
30.Ra7 g6 31.Rc5 Rd8 32.e5+ Kg7 33.Rcc7 Rf8 34.Rc6 Kh6 35.Raxa6 Rxa6 36.Rxa6 Rc8
37.Ra7 Kg7 38.Ra3 Rc5 39.f4 Rc7 40.Kf3 f6 41.exf6+ Kxf6 42.Ke4 Rc8 43.Kd3 Rd8+
44.Kc2 Rc8 45.Ra4 Kf5 46.Ra5+ Kf6 47.Re5 Rc7 48.Kb3 Rb7+ 49.Kc4 Rc7+ 50.Kb4 Rb7+
51.Rb5 Rd7 52.c4 Rd8 53.Rg5 Rg8 54.c5 Ke7 55.Kc4 Kd7 56.Kd4 Ke7 57.Ke5 Rc8
58.Kd4 Rd8+ 59.Ke4 Rc8 60.Rxg6 Rxc5 61.Rg5 Rc3 62.f5 Rc4+ 63.Kd3 Ra4 64.fxe6 Kxe6
65.Ke3 Kf6 66.Rxh5 Rb4 67.Rd5 Rb3+ 68.Rd3 Rb1 69.Kf4 Rb4+ 70.Kf3 Rb1 71.Ra3 Kf5
72.g4+ Ke5 73.Ra5+ Kf6 74.g5+ Kg7 75.Ra7+ Kg6 76.Ra6+ Kg7 77.Rd6 Ra1 78.h5 Rf1+
79.Ke2 Rg1 80.Rd5 Rh1 81.Rd7+ Kh8 82.h6 Rg1 83.Rd5 Kh7 84.Kf2 Rg4 85.Kf3 Rg1
86.Rd7+ Kh8 87.Kf4 Rg2 88.Kf5 Ra2 89.g6 Ra5+ 90.Ke6 Ra6+ 91.Rd6 Ra8 92.Ke7  1-0

[Event "7th Univ Cent Open 2013"]
[Site "Bogota COL"]
[Date "2013.10.13"]
[Round "8.7"]
[White "Franco Valencia,B"]
[Black "Escobar Forero,A"]
[Result "1-0"]
[WhiteElo "2180"]
[BlackElo "2455"]

1.d4 d5 2.c4 c6 3.Nc3 Nf6 4.Nf3 a6 5.cxd5 cxd5 6.Bf4 Nc6 7.e3 Bf5 8.Bd3 Bxd3
9.Qxd3 e6 10.a3 Be7 11.Bg5 Nd7 12.Bxe7 Qxe7 13.O-O O-O 14.Nd2 f5 15.f4 Nd8
16.Rac1 Nf7 17.Na4 Rac8 18.b4 Nd6 19.Nc5 Nb6 20.Nf3 Nbc4 21.a4 a5 22.bxa5 Ne4
23.Nb3 Qb4 24.Rb1 Qxa4 25.Nc5 Nxc5 26.dxc5 Qxa5 27.Rxb7 Qxc5 28.Nd4 Rf6 29.Ra1 Kh8
30.h3 Qf8 31.Raa7 Rg6 32.Re7 Re8 33.Qb3 h6 34.Rxe8 Qxe8 35.Qb7 Kh7 36.Ra8 Rxg2+
37.Kxg2 Qg6+ 38.Kf2 Nxe3 39.Kxe3 Qg1+ 40.Kd3 Qd1+ 41.Kc3 Qc1+ 42.Nc2 d4+
43.Kxd4 Qxc2 44.Ra7 Qd2+ 45.Ke5 Qe3+ 46.Kd6 Qxf4+ 47.Kxe6 Qe3+ 48.Kf7 Qd4
49.Ra6 Qc4+ 50.Re6 Qd4 51.Qg2 g5 52.Re7 Qd6 53.Qa2  1-0

[Event "SPICE Cup Open 2013"]
[Site "St Louis USA"]
[Date "2013.10.16"]
[Round "3.17"]
[White "Bykhovsky,An ISR"]
[Black "Hendrickson,Nolan R"]
[Result "0-1"]
[WhiteElo "2521"]
[BlackElo "2178"]

1.d4 d5 2.c4 c6 3.Nf3 Nf6 4.Nc3 a6 5.c5 Bf5 6.Bf4 Nh5 7.Bd2 Nf6 8.Bf4 Nh5
9.e3 Nxf4 10.exf4 e6 11.h3 b6 12.b4 a5 13.b5 bxc5 14.bxc6 c4 15.Qa4 Qc8 16.a3 Qxc6
17.Nb5 Nd7 18.Ne5 Nxe5 19.dxe5 Ra6 20.Rd1 Rb6 21.Nc7+ Kd7 22.Nxd5 exd5 23.Qxc4 Qxc4
24.Bxc4 Bxa3 25.O-O Ke7 26.Rxd5 Be6 27.Rxa5 Bxc4 28.Rd1 Bb4 29.Ra7+ Ke6 30.Rc7 Ba6
31.Rdd7 Rc8 32.Rxf7 Rxc7 33.Rxc7 Bd2  0-1

[Event "35th Arco Open 2013"]
[Site "Arco ITA"]
[Date "2013.10.20"]
[Round "9.18"]
[White "Karl,H"]
[Black "Ziltener,W"]
[Result "1-0"]
[WhiteElo "2131"]
[BlackElo "2018"]

1.d4 d5 2.c4 c6 3.Nc3 Nf6 4.Nf3 a6 5.e3 Bf5 6.Be2 b5 7.b3 h6 8.O-O e6 9.Ne5 Bb4
10.Bb2 O-O 11.a4 bxc4 12.bxc4 Nfd7 13.Qb3 Bxc3 14.Qxc3 Qc8 15.Rfc1 Nxe5 16.dxe5 Nd7
17.Ba3 Rd8 18.Be7 Re8 19.Bd6 f6 20.f4 Be4 21.cxd5 Bxd5 22.Qd4 f5 23.Bh5 Rd8
24.Rab1 Nf8 25.Rb6 Rd7 26.Rcb1 Rd8 27.Qc3 a5 28.Be2 Qd7 29.Rb7 Qe8 30.Re7 Qg6
31.g3 Rd7 32.Rxd7 Nxd7 33.Rb7 Qe8 34.Kf2 Kh7 35.h4 Kh8 36.Rb2 Kg8 37.Qd2 Kh7
38.Qd1 Qc8 39.Bf3 Qa6 40.Qe2 Qc8 41.Qc2 Qa6 42.e4 fxe4 43.Bxe4+ Kh8 44.Bxd5 cxd5
45.Qg6 Qa7+ 46.Kg2 Qd4 47.Rf2 Qxf2+ 48.Kxf2 d4  1-0

[Event "TCh-AUT 2nd West 2013-14"]
[Site "Austria AUT"]
[Date "2013.10.20"]
[Round "3.1"]
[White "Palac,M"]
[Black "Dovzik,J"]
[Result "1/2-1/2"]
[WhiteElo "2572"]
[BlackElo "2328"]

1.d4 d5 2.c4 c6 3.Nc3 Nf6 4.Nf3 a6 5.c5 Nbd7 6.Bf4 Nh5 7.Bd2 Nhf6 8.Bf4 Nh5
9.Bd2 Nhf6 10.Rc1 g6 11.g3 Bg7 12.Bg2 O-O 13.O-O Ne4 14.Bf4 f5 15.Na4 e6
16.Ne5 Nxe5 17.Bxe5 Bxe5 18.dxe5 Ng5 19.Qd2 Nf7 20.f4 g5 21.e3 Qc7 22.Nb6 Rb8
23.h3 h5 24.Bf3 g4 25.Be2 Nh6 26.hxg4 hxg4 27.Kf2 Kg7 28.Rh1 Rh8 29.Rh5 Nf7
30.Rxh8 Nxh8 31.Qb4 Ng6 32.a3 Nf8 33.Rh1 Bd7 34.Rh2 Be8 35.a4 Bg6 36.a5 Re8
37.b3 Nh7 38.Qd4 Rh8 39.b4 Nf8 40.Rxh8 Kxh8 41.Bf1 Kg7 42.Na4 Be8 43.Qd2 Bg6
44.Nc3 Bf7 45.Ne2 Bg6 46.Nd4 Bf7 47.Kg1 Bg6 48.Qh2 Qe7 49.Bd3 Qd8 50.Kf2 Qe7
51.Ke2 Qd8 52.Kd2 Qe7 53.Kc3 Qd8 54.Bc2 Qe7 55.Bd3 Qd8  1/2-1/2

[Event "17th Unive Open 2013"]
[Site "Hoogeveen NED"]
[Date "2013.10.22"]
[Round "5.4"]
[White "Ernst,S"]
[Black "Van Wessel,R"]
[Result "1-0"]
[WhiteElo "2573"]
[BlackElo "2388"]

1.Nf3 d5 2.d4 Nf6 3.c4 c6 4.Nc3 a6 5.cxd5 cxd5 6.Bf4 Nc6 7.Rc1 Bf5 8.e3 e6
9.Qb3 Ra7 10.Be2 Be7 11.O-O O-O 12.Na4 Nd7 13.Nc5 Nxc5 14.dxc5 Bg4 15.h3 Bh5
16.Qb6 Qa8 17.Bh2 Rc8 18.Rfd1 a5 19.a4 Nb4 20.Bd6 Bf6 21.g4 Bg6 22.Nd4 e5
23.Nf3 Bd8 24.Qb5 f6 25.e4 dxe4 26.Bc4+ Kh8 27.Nh4 Bc7 28.Nxg6+ hxg6 29.Be6 Nd3
30.Rxd3 exd3 31.Qxd3 Re8 32.Bf7 e4 33.Qg3  1-0

[Event "14th Liberec Open"]
[Site "Liberec CZE"]
[Date "2013.10.28"]
[Round "3.1"]
[White "Braun,Mare"]
[Black "Krumm,J"]
[Result "1-0"]
[WhiteElo "2229"]
[BlackElo "2005"]

1.d4 d5 2.c4 c6 3.Nc3 Nf6 4.Nf3 a6 5.e3 b5 6.b3 Bg4 7.Be2 e6 8.O-O Nbd7 9.Qc2 Qb8
10.a3 Bd6 11.h3 Bf5 12.Bd3 Bxd3 13.Qxd3 b4 14.Ne2 a5 15.c5 Bc7 16.axb4 Qxb4
17.Ra4 Qb7 18.Nd2 e5 19.Bb2 O-O 20.Bc3 Ra7 21.Rfa1 Rfa8 22.Qc2 Qb5 23.Nc1 exd4
24.exd4 Re8 25.Nd3 Ne4 26.Re1 Raa8 27.Nxe4 dxe4 28.Nb2 Nf6 29.Bd2 Rab8 30.Ra3 Nd5
31.Rxe4 f5 32.Rxe8+ Rxe8 33.Nc4 Re4 34.Bxa5 Rxd4 35.Bxc7 Nxc7 36.Qxf5 Qb8
37.Ne5 Rd1+ 38.Kh2 Nd5 39.f4 Rf1 40.Qe6+ Kh8 41.Nf7+ Kg8 42.Nd8+  1-0

[Event "13th Sautron Open 2013"]
[Site "Sautron FRA"]
[Date "2013.10.28"]
[Round "4.1"]
[White "Avrukh,B"]
[Black "Koziak,V"]
[Result "1/2-1/2"]
[WhiteElo "2576"]
[BlackElo "2481"]

1.d4 d5 2.c4 c6 3.Nf3 Nf6 4.Nc3 a6 5.a4 e6 6.Bg5 Nbd7 7.e3 Qa5 8.Be2 Bb4
9.O-O Ne4 10.Bf4 Nxc3 11.bxc3 Bxc3 12.Rb1 Qd8 13.Qc2 Ba5 14.e4 dxe4 15.Qxe4 Nf6
16.Qe3 O-O 17.Bg5 Bc7 18.Ne5 Bd6 19.Bd3 Be7 20.Qh3 g6 21.Qh4 Re8 22.Qf4 Rf8
23.Bh6 Nh5 24.Qe3 Ng7 25.Rfd1 Re8 26.g4 f6 27.Nf3 Bf8 28.c5 Kh8 29.Qf4 e5
30.dxe5 Ne6 31.Qc1 Nd4 32.Nxd4 Qxd4 33.Be2 Bxh6 34.Rxd4 Bxc1 35.Rxc1 fxe5
36.Re4 Be6 37.Rb1 a5 38.Rxe5 Ba2 39.Rxe8+ Rxe8 40.Rb2 Bd5 41.Kf1 Re7 42.g5 h6
43.h4 hxg5 44.hxg5 Re5 45.Rxb7 Rxg5 46.f3 Ba2 47.Bd3 Rxc5 48.Bxg6  1/2-1/2

[Event "3rd Panama Open"]
[Site "Panama City PAN"]
[Date "2013.10.30"]
[Round "1.37"]
[White "Vargas,Rogelio"]
[Black "Mathews,C"]
[Result "0-1"]
[WhiteElo "1729"]
[BlackElo "2031"]

1.d4 d5 2.c4 c6 3.Nc3 Nf6 4.Nf3 a6 5.e3 Bf5 6.Bd3 Bxd3 7.Qxd3 e6 8.O-O Nbd7
9.e4 dxe4 10.Nxe4 Nxe4 11.Qxe4 Nf6 12.Qd3 Be7 13.Re1 c5 14.d5 exd5 15.Bg5 O-O
16.Rad1 d4 17.Re5 Qd6 18.Rde1 Bd8 19.Nh4 Ng4 20.Qg3 Nxe5 21.Bf4 Bxh4 22.Qxh4 Ng6  0-1

[Event "13th Sautron Open 2013"]
[Site "Sautron FRA"]
[Date "2013.11.01"]
[Round "8.6"]
[White "Nguyen Chi Minh"]
[Black "Kasparov,S"]
[Result "1/2-1/2"]
[WhiteElo "2389"]
[BlackElo "2480"]

1.d4 d5 2.Nf3 Nf6 3.c4 c6 4.Nc3 a6 5.e3 b5 6.c5 Nbd7 7.a3 g6 8.b4 a5 9.Bb2 Bg7
10.Be2 Qc7 11.O-O O-O 12.Qb3 a4 13.Qa2 Rb8 14.Rad1 Ne4 15.Bd3 Nxc3 16.Bxc3 Nf6
17.Ne5 Ng4 18.Nxg4 Bxg4 19.f3 Bd7 20.Qb2 Rbd8 21.Be1 Qc8 22.Bh4 Rfe8 23.Rfe1 Bf5
24.Bf1 Qd7 25.g4 Be6 26.h3 Rf8 27.Qh2 Rde8 28.Bg3 Rd8 29.Rd2 Qc8 30.Bd3 f5
31.Rf2 Rf7 32.Kg2 Bh6 33.Be5 Rdf8 34.f4 Bg7 35.Bxg7 Rxg7 36.g5 Kf7 37.h4 Ke8
38.h5 Kd7 39.Rh1 Rfg8 40.Kf1 Qe8 41.Qh3 Qf8 42.Rg2 Qb8 43.Qf3 Rf8 44.Ke1 Rfg8
45.Qe2 Kc7 46.Rhh2 Bd7 47.Rg3 Qe8 48.hxg6 hxg6 49.Rgh3 Qf8 50.Qf3 Qf7 51.Qh1 Qe6
52.Kd2 Qf7 53.Bc2 Qf8 54.Qd1 Qa8 55.Rh6 Qf8 56.Kc1 Qa8 57.Kb2 Be6 58.Bd3 Bd7
59.R6h3 Qb8 60.Qh1 Qe8 61.Rh7 Qf7 62.R7h6 Qe6 63.Qc1 Qf7 64.R6h3 Rb8 65.Bc2 Ra8
66.Qf1 Qg8 67.Bd3 Rb8 68.Qh1 Qf7 69.Rh6 Rbg8 70.Bc2 Ra8 71.R2h3 Rag8 72.Qd1 Ra8
73.Qe2 Qg8 74.Bb1 Qf7 75.Qh2 Kb7 76.Bc2 Rag8 77.Bd3 Qe6 78.Qe2 Kc7 79.Bc2 Qf7
80.Qe1 Ra8 81.Kc1 Qg8 82.Qh1 Qf7 83.Rh7 Rag8 84.R7h6 Ra8 85.Qh2 Rag8 86.Qg1 Ra8
87.Qe1 Qg8 88.Kb2 Qf7 89.Rh8 Rxh8 90.Rxh8 Rh7 91.Rxh7  1/2-1/2

[Event "e2e4 Gatwick Nov Open"]
[Site "Crawley ENG"]
[Date "2013.11.02"]
[Round "3"]
[White "Lock,G"]
[Black "Prior,Stephen C V"]
[Result "1-0"]
[WhiteElo "2205"]
[BlackElo "2019"]

1.d4 d5 2.Nf3 Nf6 3.c4 c6 4.Nc3 a6 5.c5 Nbd7 6.Bf4 Nh5 7.Bg5 f6 8.Bd2 g6
9.e4 e6 10.Bd3 Be7 11.O-O O-O 12.Re1 Re8 13.Qc2 dxe4 14.Nxe4 Qc7 15.Ng3 Ng7
16.Bc4 Nf8 17.b4 Kh8 18.h4 h5 19.Rad1 Bd7 20.Ne2 e5 21.dxe5 fxe5 22.Ng5 Bxg5
23.Bxg5 Nge6 24.Bf6+ Kh7 25.Qe4 Nf4 26.Nxf4 exf4 27.Qe7+ Rxe7 28.Rxe7+ Kh6
29.Bg5+  1-0